000 00893nam a2200241 a 4500
001 BRCA_923
005 20190320203216.0
008 020508s1988----sp-a---###---#000-0#spa-#
020 _a8440419791
040 _aNNFr
_cNNFr
050 4 _aNK7162
_b.C78 1988
100 1 _aCruz Valdovinos, José Manuel
_d1943-
_92201
245 1 0 _aLos Faraces
_bplateros complutenses del siglo XVI
_cJosé Manuel Cruz Valdovinos.
260 _aAlcalá de Henares, España
_bFundación Colegio del Rey
_c1988
300 _a292 p.
_bil. blanco y negro
_c21 cm.
440 0 _aAlcalá ensayo
_v10
_93055
500 _aIncluye índice de poblaciones, cronología y apéndice fotográfico
600 1 4 _aFaraz, Juan
_d1533-1550
_93056
600 1 4 _aFaraz, Juan Francisco
_d1540-1579
_93057
600 1 4 _aFaraz, Antonio
_d1548-1576
_93058
650 1 4 _aTrabajos en plata
_zAlcalá de Henares - España
_93059
942 _2lcc
_cB
999 _c814
_d814